[Event "African Online-ch U20-Open 2021"]
[Site "Online"]
[Date "2021.02.01"]
[Round "8.7"]
[White "Mena, Martin"]
[Black "Joao Farisse"]
[Result "0-1"]
[WhiteElo "1776"]
[BlackElo "1574"]
[Annotator "NA RC"]
[PlyCount "64"]
[EventDate "2021.02.01"]
[EventType "swiss"]
[EventCountry "NET"]
[SourceTitle "playchess.com"]
[Source "ChessBase"]
[SourceQuality "1"]
[TimeControl "1500+10"]

1. d4 {[%emt 0:00:00]} d5 {[%emt 0:00:15]} 2. Nf3 {[%emt 0:00:05]} Nf6 {[%emt 0:00:03]} 3. c4 {[%emt 0:00:13]} c6 {[%emt 0:00:19]} 4. Nc3 {[%emt 0:00:06]} g6 {[%emt 0:00:20]} 5. cxd5 {[%emt 0:00:59]} cxd5 {[%emt 0:00:08]} 6. Bf4 {[%emt 0:00:08]} Bg7 {[%emt 0:00:21]} 7. e3 {[%emt 0:00:10]} O-O {[%emt 0:00:03]} 8. Bd3 {[%emt 0:00:11]} Nc6 {[%emt 0:00:26]} 9. O-O {[%emt 0:00:46]} a6 {[%emt 0:00:54]} 10. Ne5 {[%emt 0:00:49]} Nh5 {[%emt 0:00:37]} 11. Nxc6 {[%emt 0:00:47]} bxc6 {[%emt 0:00:05]} 12. Bg3 {[%emt 0:00:18]} Nxg3 {[%emt 0:00:12]} 13. hxg3 {[%emt 0:00:07]} e5 {[%emt 0:00:03]} 14. dxe5 {[%emt 0:00:31]} Bxe5 {[%emt 0:00:05]} 15. Rc1 {[%emt 0:00:07]} Bd7 {[%emt 0:02:54]} 16. Na4 {[%emt 0:02:58]} h5 {[%emt 0:01:42]} 17. b3 {[%emt 0:02:02]} h4 {[%emt 0:01:45]} 18. gxh4 {[%emt 0:02:13]} Qxh4 {[%emt 0:00:06]} 19. f4 {[%emt 0:00:10]} Bc7 {[%emt 0:01:17]} 20. Qc2 {[%emt 0:06:39]} Rae8 {[%emt 0:01:38]} 21. Qf2 {[%emt 0:02:19]} Qh5 {[%emt 0:01:41]} 22. Nc5 {[%emt 0:03:34]} Bc8 {[%emt 0:01:37]} 23. Bxa6 {[%emt 0:02:25]} Bxa6 {[%emt 0:00:34]} 24. Nxa6 {[%emt 0:00:07]} Bb6 {[%emt 0:00:19]} 25. Rfe1 {[%emt 0:00:20]} d4 {[%emt 0:02:21]} 26. Nb4 {[%emt 0:01:00]} dxe3 {[%emt 0:00:30]} 27. Qe2 {[%emt 0:00:08]} Qh4 {[%emt 0:00:59]} 28. Nxc6 {[%emt 0:00:16]} Qf2+ {[%emt 0:00:12]} 29. Kh1 {[%emt 0:00:01]} Kg7 {[%emt 0:00:08]} 30. Qxf2 {[%emt 0:00:20]} Rh8+ {[%emt 0:00:19]} 31. Kg1 {[%emt 0:00:03]} exf2+ {[%emt 0:00:04]} 32. Kf1 {[%emt 0:00:03]} Rh1# {[%emt 0:00:03]} 0-1

[Event "African Online-ch U20-Open 2021"]
[Site "Online"]
[Date "2021.02.01"]
[Round "8.8"]
[White "Shah, Darshan Samir"]
[Black "Celso Andre Manjate"]
[Result "1-0"]
[WhiteElo "1502"]
[BlackElo "1721"]
[Annotator "NA RC"]
[PlyCount "119"]
[EventDate "2021.02.01"]
[EventType "swiss"]
[EventCountry "NET"]
[SourceTitle "playchess.com"]
[Source "ChessBase"]
[SourceQuality "1"]
[TimeControl "1500+10"]

1. Nf3 {[%emt 0:00:00]} Nf6 {[%emt 0:00:27]} 2. d4 {[%emt 0:00:07]} g6 {[%emt 0:00:20]} 3. Bg5 {[%emt 0:00:09]} Bg7 {[%emt 0:00:02]} 4. Nbd2 {[%emt 0:00:07]} O-O {[%emt 0:00:07]} 5. c3 {[%emt 0:00:12]} d6 {[%emt 0:00:03]} 6. e3 {[%emt 0:00:08]} Nc6 {[%emt 0:00:07]} 7. Bd3 {[%emt 0:00:06]} e5 {[%emt 0:00:06]} 8. Ne4 {[%emt 0:00:20]} d5 {[%emt 0:02:22]} 9. Nxf6+ {[%emt 0:00:10]} Bxf6 {[%emt 0:00:03]} 10. Bxf6 {[%emt 0:00:03]} Qxf6 {[%emt 0:00:04]} 11. dxe5 {[%emt 0:00:08]} Nxe5 {[%emt 0:00:03]} 12. Nxe5 {[%emt 0:00:52]} Qxe5 {[%emt 0:00:04]} 13. Qf3 {[%emt 0:00:11]} c6 {[%emt 0:00:14]} 14. O-O-O {[%emt 0:01:21]} a5 {[%emt 0:00:29]} 15. h4 {[%emt 0:00:15]} b5 {[%emt 0:00:30]} 16. Bc2 {[%emt 0:01:20]} b4 {[%emt 0:01:22]} 17. cxb4 {[%emt 0:00:03]} axb4 {[%emt 0:00:53]} 18. Kb1 {[%emt 0:00:09]} Be6 {[%emt 0:03:08]} 19. h5 {[%emt 0:05:49]} c5 {[%emt 0:00:27]} 20. g4 {[%emt 0:02:39]} Ra7 {[%emt 0:09:19]} 21. Qh3 {[%emt 0:04:43]} Rfa8 {[%emt 0:00:13]} 22. hxg6 {[%emt 0:05:20]} fxg6 {[%emt 0:00:15]} 23. Kc1 {[%emt 0:01:07]} Qg7 {[%emt 0:04:39]} 24. Bb1 {[%emt 0:00:15]} c4 {[%emt 0:01:00]} 25. Rd4 {[%emt 0:00:28]} b3 {[%emt 0:00:36]} 26. axb3 {[%emt 0:00:12]} cxb3 {[%emt 0:00:05]} 27. Qh4 {[%emt 0:00:39]} Rc8+ {[%emt 0:00:28]} 28. Kd2 {[%emt 0:00:10]} Rac7 {[%emt 0:00:38]} 29. Bd3 {[%emt 0:00:15]} Ra7 {[%emt 0:00:30]} 30. f4 {[%emt 0:00:35]} Rf7 {[%emt 0:00:37]} 31. Rc1 {[%emt 0:00:21]} Rxc1 {[%emt 0:00:04]} 32. Kxc1 {[%emt 0:00:03]} Rc7+ {[%emt 0:00:03]} 33. Kd2 {[%emt 0:00:08]} Rc8 {[%emt 0:00:04]} 34. f5 {[%emt 0:00:08]} gxf5 {[%emt 0:00:04]} 35. gxf5 {[%emt 0:00:08]} Qg2+ {[%emt 0:00:05]} 36. Kd1 {[%emt 0:00:16]} Qg1+ {[%emt 0:00:16]} 37. Ke2 {[%emt 0:00:04]} Qg2+ {[%emt 0:00:42]} 38. Qf2 {[%emt 0:00:05]} Qxf2+ {[%emt 0:00:05]} 39. Kxf2 {[%emt 0:00:02]} Bf7 {[%emt 0:00:02]} 40. Rb4 {[%emt 0:00:20]} Rc2+ {[%emt 0:00:10]} 41. Bxc2 {[%emt 0:00:21]} bxc2 {[%emt 0:00:05]} 42. Rb8+ {[%emt 0:00:02]} Kg7 {[%emt 0:00:17]} 43. Rc8 {[%emt 0:00:05]} Kf6 {[%emt 0:00:03]} 44. Rxc2 {[%emt 0:00:08]} Kxf5 {[%emt 0:00:02]} 45. b4 {[%emt 0:00:07]} Be8 {[%emt 0:00:11]} 46. Rc8 {[%emt 0:00:19]} Bd7 {[%emt 0:00:10]} 47. Rd8 {[%emt 0:00:02]} Ke6 {[%emt 0:00:21]} 48. Rh8 {[%emt 0:00:26]} Kd6 {[%emt 0:00:05]} 49. Rxh7 {[%emt 0:00:06]} Bf5 {[%emt 0:00:07]} 50. Rh6+ {[%emt 0:00:19]} Kc7 {[%emt 0:00:03]} 51. b5 {[%emt 0:00:08]} Bd3 {[%emt 0:00:06]} 52. b6+ {[%emt 0:00:18]} Kb7 {[%emt 0:00:05]} 53. Rd6 {[%emt 0:00:11]} Bc4 {[%emt 0:00:04]} 54. Ke1 {[%emt 0:00:13]} Ka6 {[%emt 0:01:01]} 55. Kd2 {[%emt 0:00:06]} Kb7 {[%emt 0:00:04]} 56. Kc3 {[%emt 0:00:05]} Ba2 {[%emt 0:00:05]} 57. Kd4 {[%emt 0:00:08]} Bb3 {[%emt 0:00:18]} 58. Kc5 {[%emt 0:00:12]} Kc8 {[%emt 0:00:31]} 59. Kc6 {[%emt 0:00:09]} Ba4+ {[%emt 0:00:05]} 60. Kxd5 {[%emt 0:00:02]} 1-0

[Event "African Online-ch U20-Open 2021"]
[Site "Online"]
[Date "2021.02.01"]
[Round "8.9"]
[White "Sparg, Nathan"]
[Black "Fourie, Brandon"]
[Result "0-1"]
[WhiteElo "1413"]
[BlackElo "1583"]
[Annotator "NA RC"]
[PlyCount "66"]
[EventDate "2021.02.01"]
[EventType "swiss"]
[EventCountry "NET"]
[SourceTitle "playchess.com"]
[Source "ChessBase"]
[SourceQuality "1"]
[TimeControl "1500+10"]

1. d4 {[%emt 0:00:00]} Nf6 {[%emt 0:00:07]} 2. c4 {[%emt 0:00:04]} g6 {[%emt 0:00:03]} 3. Nc3 {[%emt 0:00:06]} d5 {[%emt 0:00:10]} 4. Nf3 {[%emt 0:00:10]} Bg7 {[%emt 0:00:12]} 5. Qb3 {[%emt 0:00:10]} dxc4 {[%emt 0:02:53]} 6. Qxc4 {[%emt 0:00:07]} O-O {[%emt 0:00:29]} 7. e4 {[%emt 0:00:23]} Nc6 {[%emt 0:02:10]} 8. d5 {[%emt 0:01:16]} Na5 {[%emt 0:04:07]} 9. Qa4 {[%emt 0:04:27]} c6 {[%emt 0:03:12]} 10. Bd2 {[%emt 0:02:21]} cxd5 {[%emt 0:01:25]} 11. exd5 {[%emt 0:01:31]} Bd7 {[%emt 0:03:14]} 12. Bb5 {[%emt 0:00:37]} Bxb5 {[%emt 0:00:50]} 13. Qxb5 {[%emt 0:01:15]} a6 {[%emt 0:01:07]} 14. Qd3 {[%emt 0:03:20]} b5 {[%emt 0:01:11]} 15. O-O {[%emt 0:00:41]} Nc4 {[%emt 0:00:08]} 16. b3 {[%emt 0:01:27]} Nxd2 {[%emt 0:00:03]} 17. Qxd2 {[%emt 0:00:38]} b4 {[%emt 0:00:45]} 18. Ne2 {[%emt 0:01:27]} Qxd5 {[%emt 0:00:24]} 19. Qxb4 {[%emt 0:00:34]} a5 {[%emt 0:00:41]} 20. Qd4 {[%emt 0:00:25]} Qxd4 {[%emt 0:01:18]} 21. Nexd4 {[%emt 0:00:37]} Nd5 {[%emt 0:00:49]} 22. Rac1 {[%emt 0:00:13]} Rac8 {[%emt 0:00:41]} 23. Rc2 {[%emt 0:01:30]} Rxc2 {[%emt 0:00:05]} 24. Nxc2 {[%emt 0:00:03]} Rc8 {[%emt 0:00:03]} 25. Ncd4 {[%emt 0:00:31]} e5 {[%emt 0:00:12]} 26. Nb5 {[%emt 0:00:17]} Nc3 {[%emt 0:00:42]} 27. Nxc3 {[%emt 0:00:45]} Rxc3 {[%emt 0:00:04]} 28. Rb1 {[%emt 0:00:02]} Rc2 {[%emt 0:00:14]} 29. a4 {[%emt 0:00:07]} e4 {[%emt 0:00:15]} 30. Ne1 {[%emt 0:00:03]} Ra2 {[%emt 0:00:21]} 31. Kf1 {[%emt 0:00:28]} Bd4 {[%emt 0:00:09]} 32. Kg1 {[%emt 0:01:04]} Rxf2 {[%emt 0:00:13]} 33. Kh1 {[%emt 0:00:02]} Rf1# {[%emt 0:00:02]} 0-1

[Event "African Online-ch U20-Open 2021"]
[Site "Online"]
[Date "2021.02.01"]
[Round "8.10"]
[White "Spink, Benjamin M"]
[Black "Oosthuizen, Michal Jacobus"]
[Result "1-0"]
[WhiteElo "2110"]
[BlackElo "1920"]
[Annotator "TA"]
[PlyCount "157"]
[EventDate "2021.02.01"]
[EventType "swiss"]
[EventCountry "NET"]
[SourceTitle "playchess.com"]
[Source "ChessBase"]
[SourceQuality "1"]

{[%evp 21,157,37,39,32,38,-34,0,0,39,33,31,41,25,4,23,-35,-39,-78,-79,-72,-66,-89,-77,-68,-58,-87,0,-22,79,87,63,0,64,100,89,0,0,-12,-27,-47,-4,-10,7,8,20,-21,-7,-15,-8,-10,0,-8,-8,-8,-10,-43,-15,-15,-9,-9,-19,-16,0,0,0,0,48,0,0,-75,280,-167,229,8,500,496,496,491,443,434,283,0,0,0,0,0,0,0,1803,1954,29968,1849,29973,29974,29967,4727,29976,29974,29983,29984,29990,29991,29992,29992,29995,29979,29983,29984,29984,29985,29986,29984,29983,29981,29981,29980,29980,29981,29989,29990,29990,29991,29992,29993,29994,29994,29994,29992,29992,29993,29996,29996,29996,29997,29997,29998,29998,29999]} 1. e4 c5 2. Nf3 d6 3. d4 cxd4 4. Nxd4 Nf6 5. Nc3 g6 6. Be3 Bg7 7. f3 O-O 8. Bc4 Nc6 9. Qd2 Bd7 10. O-O-O Na5 11. Bb3 Rb8 12. h4 {B77: Sicilian Dragon: Yugoslav Attack, 9 Bc4 sidelines.} b5 13. Bh6 (13. h5 $14) 13... Bxh6 (13... e5 {seems wilder.} 14. Nde2 b4 15. Bxg7 Kxg7 16. Nd5 Nxb3+ 17. cxb3 Nxd5 18. Qxd5 Rb6) 14. Qxh6 {The position is equal.} b4 15. Nd5 Nxb3+ 16. Nxb3 Nxd5 17. Rxd5 {Black must now prevent h5.} f6 $1 {[#]} 18. h5 $146 (18. f4 $11) ({Predecessor:} 18. f4 Qe8 19. h5 Rb5 20. Nd4 Rxd5 21. exd5 Qf7 22. Ne6 Rc8 23. g3 a5 24. Re1 Bxe6 25. Rxe6 {½-½ (34) Pulpan,J (2394)-Slovak,K (2143) Kouty nad Desnou 2017}) 18... g5 $15 19. f4 gxf4 $1 20. Qxf4 Kh8 21. h6 Be6 22. Rd3 Bxb3 23. Rxb3 Qa5 (23... Rg8 $17) 24. Kb1 $11 Rb6 (24... Rg8 $11 {remains equal.}) 25. Qg4 $36 {[%csl Gh6][%cal Rg4g7][%mdl 2048] White has strong initiative.} Rg8 26. Qe6 (26. Qd7 $1 $14) 26... Rb7 ({Black should play} 26... Qe5 $11 27. Qxe5 fxe5) 27. a3 $1 $14 Qg5 28. g3 (28. Rxb4 $16 Rc7 29. Rc4 Rxc4 30. Qxc4) 28... a5 $11 29. axb4 axb4 30. Qf5 Qd2 {Hoping for ...Ra7.} (30... Rb5 {keeps more tension.} 31. Qxg5 Rgxg5 32. Rf1 Kg8 33. Rf5 Rgxf5 34. exf5 Rxf5 35. Rxb4 Rh5) 31. Qd5 Qxd5 32. exd5 {[%mdl 4096] Endgame KRR-KRR} Rg5 33. Rd3 Kg8 34. Ka2 Rb5 35. Kb3 Kf7 36. Kc4 Rc5+ 37. Kxb4 Rxc2 38. b3 Rc5 39. Ka4 $1 Rcxd5 40. Rxd5 Rxd5 {KR-KR} 41. b4 Rd4 42. Ka5 Ke6 43. b5 Kd7 44. Ka6 {[%mdl 1024] White has compensation.} Ra4+ 45. Kb7 (45. Kb6 $11 {keeps the balance.}) 45... e5 $2 {[%mdl 8192]} (45... d5 $1 $17 {[%cal Rd5d4] and life is bright. Threatens to win with ...d4.} 46. Rc1 Rc4) 46. Rf1 $4 {[%mdl 8192]} (46. Rc1 $18 {was the only winning move.}) 46... Ke7 $4 {[%mdl 8192]} (46... e4 $1 $19 47. Rc1 e3 48. Rc7+ Ke6 49. Rxh7 Ra5) 47. b6 $2 (47. Rc1 $1 $18) 47... Rb4 $2 {[%mdl 8192]} (47... e4 $1 $11) 48. Kc7 $18 Rc4+ 49. Kb8 e4 50. b7 $1 Rb4 {[#]} 51. Kc7 $2 (51. Rc1 $1 $18) 51... Rc4+ $11 52. Kb6 Rb4+ 53. Ka6 {aiming for Rc1.} e3 54. Re1 Kd7 $2 {[%mdl 8192] White leaves nothing to chance now.} (54... Rb3 $11) 55. Rxe3 $18 Rb2 56. Rc3 (56. Ra3 $142 Kc6 57. Rc3+ Kd7 58. Ka7 d5 59. b8=Q Ra2+ 60. Kb7 Rb2+ 61. Ka8 Ra2+ 62. Qa7+ Rxa7+ 63. Kxa7) 56... Ra2+ 57. Kb6 Rb2+ 58. Ka7 Ra2+ 59. Kb8 {White mates.} d5 60. Rc7+ Kd8 61. Rxh7 d4 62. Rf7 d3 63. Rxf6 Rh2 64. Rd6+ Ke7 65. Rxd3 Rxh6 66. Rd4 Rh2 67. Kc7 Rc2+ {[#]} 68. Kb6 $1 Rb2+ 69. Kc6 Rc2+ 70. Kb5 Rb2+ 71. Rb4 Re2 72. b8=Q Kf6 73. Qf4+ Ke7 74. Re4+ Rxe4 75. Qxe4+ Kd7 76. Qg6 Kc7 77. Qe6 Kb7 78. Qe7+ Kc8 79. Kb6 {Accuracy: White = 65%, Black = 58%.} 1-0

[Event "African Online-ch U20-Open 2021"]
[Site "Online"]
[Date "2021.02.01"]
[Round "8.11"]
[White "George Samir, David"]
[Black "Elayeb, Med Yessine"]
[Result "1-0"]
[WhiteElo "1775"]
[BlackElo "1666"]
[Annotator "NA RC"]
[PlyCount "47"]
[EventDate "2021.02.01"]
[EventType "swiss"]
[EventCountry "NET"]
[SourceTitle "playchess.com"]
[Source "ChessBase"]
[SourceQuality "1"]
[TimeControl "1500+10"]

1. e4 {[%emt 0:00:00]} c5 {[%emt 0:00:02]} 2. Nf3 {[%emt 0:00:04]} Nc6 {[%emt 0:00:02]} 3. d4 {[%emt 0:00:01]} cxd4 {[%emt 0:00:01]} 4. Nxd4 {[%emt 0:00:03]} Nf6 {[%emt 0:00:02]} 5. Nc3 {[%emt 0:00:02]} e5 {[%emt 0:00:02]} 6. Ndb5 {[%emt 0:00:02]} d6 {[%emt 0:00:02]} 7. Bg5 {[%emt 0:00:15]} a6 {[%emt 0:00:03]} 8. Na3 {[%emt 0:00:03]} b5 {[%emt 0:00:02]} 9. Nd5 {[%emt 0:00:03]} Be7 {[%emt 0:00:02]} 10. Bxf6 {[%emt 0:00:07]} Bxf6 {[%emt 0:00:01]} 11. c4 {[%emt 0:00:01]} b4 {[%emt 0:00:02]} 12. Nc2 {[%emt 0:00:03]} O-O {[%emt 0:00:02]} 13. h4 {[%emt 0:00:03]} a5 {[%emt 0:00:02]} 14. g3 {[%emt 0:00:12]} a4 {[%emt 0:00:11]} 15. Bg2 {[%emt 0:00:38]} Be6 {[%emt 0:00:04]} 16. O-O {[%emt 0:00:30]} b3 {[%emt 0:01:02]} 17. axb3 {[%emt 0:02:52]} axb3 {[%emt 0:00:04]} 18. Rxa8 {[%emt 0:01:00]} Qxa8 {[%emt 0:01:42]} 19. Na1 {[%emt 0:01:12]} Qa4 {[%emt 0:05:15]} 20. c5 {[%emt 0:05:32]} Nd4 {[%emt 0:01:52]} 21. c6 {[%emt 0:03:14]} Rb8 {[%emt 0:04:39]} 22. c7 {[%emt 0:00:18]} Rb7 {[%emt 0:00:07]} 23. Kh1 {[%emt 0:01:26]} Bxd5 {[%emt 0:00:04]} 24. c8=Q+ {[%emt 0:00:05]} 1-0

[Event "African Online-ch U20-Open 2021"]
[Site "Online"]
[Date "2021.02.01"]
[Round "8.12"]
[White "Pungo, Honorato"]
[Black "Ben Abbes, Ayoub"]
[Result "0-1"]
[WhiteElo "1550"]
[BlackElo "1481"]
[Annotator "NA RC"]
[PlyCount "92"]
[EventDate "2021.02.01"]
[EventType "swiss"]
[EventCountry "NET"]
[SourceTitle "playchess.com"]
[Source "ChessBase"]
[SourceQuality "1"]
[TimeControl "1500+10"]

1. e4 {[%emt 0:00:00]} e5 {[%emt 0:00:04]} 2. Nf3 {[%emt 0:00:05]} Nc6 {[%emt 0:00:05]} 3. Bc4 {[%emt 0:00:07]} Bc5 {[%emt 0:00:04]} 4. c3 {[%emt 0:00:04]} Nf6 {[%emt 0:00:04]} 5. d4 {[%emt 0:00:04]} exd4 {[%emt 0:00:04]} 6. cxd4 {[%emt 0:00:04]} Bb4+ {[%emt 0:00:11]} 7. Bd2 {[%emt 0:00:05]} Bxd2+ {[%emt 0:00:05]} 8. Nbxd2 {[%emt 0:00:02]} d5 {[%emt 0:00:07]} 9. exd5 {[%emt 0:00:03]} Nxd5 {[%emt 0:00:04]} 10. O-O {[%emt 0:00:14]} O-O {[%emt 0:00:07]} 11. h3 {[%emt 0:00:04]} Nb6 {[%emt 0:00:14]} 12. d5 {[%emt 0:02:17]} Nxd5 {[%emt 0:00:17]} 13. Ne4 {[%emt 0:00:23]} Nb6 {[%emt 0:00:16]} 14. Bd3 {[%emt 0:00:05]} Nb4 {[%emt 0:00:22]} 15. Bc2 {[%emt 0:01:38]} Qxd1 {[%emt 0:00:39]} 16. Bxd1 {[%emt 0:00:04]} Bf5 {[%emt 0:00:07]} 17. Nc5 {[%emt 0:00:11]} Rab8 {[%emt 0:00:22]} 18. a3 {[%emt 0:00:11]} Nd3 {[%emt 0:00:04]} 19. Nxd3 {[%emt 0:00:18]} Bxd3 {[%emt 0:00:04]} 20. Re1 {[%emt 0:00:02]} Rfe8 {[%emt 0:00:05]} 21. Bb3 {[%emt 0:00:04]} Kf8 {[%emt 0:00:33]} 22. Ne5 {[%emt 0:00:14]} Bg6 {[%emt 0:00:18]} 23. a4 {[%emt 0:00:15]} f6 {[%emt 0:00:07]} 24. Nxg6+ {[%emt 0:00:20]} hxg6 {[%emt 0:00:04]} 25. h4 {[%emt 0:00:06]} Rxe1+ {[%emt 0:00:13]} 26. Rxe1 {[%emt 0:00:07]} Re8 {[%emt 0:00:03]} 27. Kf1 {[%emt 0:00:22]} Rxe1+ {[%emt 0:00:05]} 28. Kxe1 {[%emt 0:00:02]} a5 {[%emt 0:00:03]} 29. Kd2 {[%emt 0:00:10]} Ke7 {[%emt 0:00:04]} 30. Kd3 {[%emt 0:00:06]} Kd6 {[%emt 0:00:04]} 31. Kd4 {[%emt 0:00:03]} c5+ {[%emt 0:00:03]} 32. Ke3 {[%emt 0:00:36]} Nd5+ {[%emt 0:00:04]} 33. Ke4 {[%emt 0:00:27]} f5+ {[%emt 0:00:13]} 34. Kf3 {[%emt 0:00:11]} Ke5 {[%emt 0:00:06]} 35. Bxd5 {[%emt 0:05:02]} Kxd5 {[%emt 0:00:03]} 36. Kf4 {[%emt 0:00:02]} Kc4 {[%emt 0:00:31]} 37. Kg5 {[%emt 0:00:07]} Kb3 {[%emt 0:00:03]} 38. Kxg6 {[%emt 0:00:02]} Kxb2 {[%emt 0:00:02]} 39. Kxg7 {[%emt 0:00:01]} c4 {[%emt 0:00:02]} 40. h5 {[%emt 0:00:02]} c3 {[%emt 0:00:02]} 41. h6 {[%emt 0:00:01]} c2 {[%emt 0:00:02]} 42. h7 {[%emt 0:00:04]} c1=Q {[%emt 0:00:03]} 43. h8=Q {[%emt 0:00:04]} Qc3+ {[%emt 0:00:02]} 44. Kh7 {[%emt 0:00:05]} Qxh8+ {[%emt 0:00:03]} 45. Kxh8 {[%emt 0:00:02]} Kb3 {[%emt 0:00:03]} 46. f3 {[%emt 0:00:07]} f4 {[%emt 0:00:03]} 0-1

[Event "African Online-ch U20-Open 2021"]
[Site "Online"]
[Date "2021.02.01"]
[Round "8.13"]
[White "Selogelo Othata"]
[Black "Ofile Masilo"]
[Result "1-0"]
[WhiteElo "1725"]
[BlackElo "1457"]
[Annotator "NA RC"]
[PlyCount "45"]
[EventDate "2021.02.01"]
[EventType "swiss"]
[EventCountry "NET"]
[SourceTitle "playchess.com"]
[Source "ChessBase"]
[SourceQuality "1"]
[TimeControl "1500+10"]

1. e4 {[%emt 0:00:08]} c5 {[%emt 0:14:54]} 2. Nf3 {[%emt 0:00:06]} d6 {[%emt 0:00:03]} 3. d4 {[%emt 0:00:04]} cxd4 {[%emt 0:00:03]} 4. Nxd4 {[%emt 0:00:02]} Nf6 {[%emt 0:00:02]} 5. Nc3 {[%emt 0:00:04]} a6 {[%emt 0:00:05]} 6. Bc4 {[%emt 0:00:03]} e6 {[%emt 0:00:04]} 7. Bb3 {[%emt 0:00:03]} Be7 {[%emt 0:00:06]} 8. Be3 {[%emt 0:00:16]} b5 {[%emt 0:00:03]} 9. f4 {[%emt 0:00:05]} b4 {[%emt 0:00:21]} 10. Na4 {[%emt 0:00:04]} O-O {[%emt 0:00:10]} 11. e5 {[%emt 0:00:13]} dxe5 {[%emt 0:00:07]} 12. fxe5 {[%emt 0:00:03]} Nd5 {[%emt 0:00:24]} 13. Bxd5 {[%emt 0:01:58]} exd5 {[%emt 0:01:06]} 14. Qf3 {[%emt 0:00:35]} Bb7 {[%emt 0:00:50]} 15. O-O {[%emt 0:01:54]} Nc6 {[%emt 0:00:11]} 16. Qg3 {[%emt 0:01:04]} Nxd4 {[%emt 0:00:27]} 17. Bxd4 {[%emt 0:00:05]} Bh4 {[%emt 0:00:48]} 18. Qf3 {[%emt 0:02:30]} Bc6 {[%emt 0:00:49]} 19. Nc5 {[%emt 0:00:33]} Be7 {[%emt 0:00:23]} 20. e6 {[%emt 0:01:28]} fxe6 {[%emt 0:00:30]} 21. Qg4 {[%emt 0:00:07]} Rxf1+ {[%emt 0:00:58]} 22. Rxf1 {[%emt 0:00:07]} Bxc5 {[%emt 0:00:20]} 23. Qxg7# {[%emt 0:00:08]} 1-0

[Event "African Online-ch U20-Open 2021"]
[Site "Online"]
[Date "2021.02.01"]
[Round "8.14"]
[White "Mcligeyo, Robert"]
[Black "Machinya Desire"]
[Result "0-1"]
[WhiteElo "1688"]
[BlackElo "1638"]
[Annotator "NA RC"]
[PlyCount "108"]
[EventDate "2021.02.01"]
[EventType "swiss"]
[EventCountry "NET"]
[SourceTitle "playchess.com"]
[Source "ChessBase"]
[SourceQuality "1"]
[TimeControl "1500+10"]

1. e4 {[%emt 0:00:00]} c5 {[%emt 0:00:47]} 2. d4 {[%emt 0:00:04]} cxd4 {[%emt 0:00:05]} 3. c3 {[%emt 0:00:02]} dxc3 {[%emt 0:00:03]} 4. Nxc3 {[%emt 0:00:03]} g6 {[%emt 0:00:16]} 5. Bc4 {[%emt 0:00:03]} Bg7 {[%emt 0:00:07]} 6. Nf3 {[%emt 0:00:04]} e6 {[%emt 0:00:20]} 7. O-O {[%emt 0:00:09]} Ne7 {[%emt 0:00:03]} 8. Bg5 {[%emt 0:00:05]} O-O {[%emt 0:00:04]} 9. e5 {[%emt 0:00:04]} Nbc6 {[%emt 0:00:02]} 10. Re1 {[%emt 0:00:08]} Qa5 {[%emt 0:00:13]} 11. Ne4 {[%emt 0:01:12]} Kh8 {[%emt 0:02:29]} 12. Nf6 {[%emt 0:04:13]} Ng8 {[%emt 0:02:09]} 13. Nxd7 {[%emt 0:05:36]} Bxd7 {[%emt 0:00:09]} 14. Qxd7 {[%emt 0:00:03]} Nxe5 {[%emt 0:00:16]} 15. Nxe5 {[%emt 0:00:20]} Bxe5 {[%emt 0:00:04]} 16. Qxb7 {[%emt 0:01:15]} Bxh2+ {[%emt 0:00:09]} 17. Kxh2 {[%emt 0:00:13]} Qxg5 {[%emt 0:00:04]} 18. Bb3 {[%emt 0:00:38]} Nh6 {[%emt 0:00:29]} 19. Qf3 {[%emt 0:02:32]} Rad8 {[%emt 0:04:03]} 20. Kg1 {[%emt 0:01:43]} Nf5 {[%emt 0:00:27]} 21. Rad1 {[%emt 0:00:33]} Kg8 {[%emt 0:01:15]} 22. Bc2 {[%emt 0:02:16]} Nd4 {[%emt 0:00:51]} 23. Qc3 {[%emt 0:00:45]} e5 {[%emt 0:01:37]} 24. Bb3 {[%emt 0:00:41]} Rc8 {[%emt 0:00:58]} 25. Qe3 {[%emt 0:00:10]} Qxe3 {[%emt 0:00:22]} 26. Rxe3 {[%emt 0:00:04]} Nxb3 {[%emt 0:00:04]} 27. Rxb3 {[%emt 0:00:05]} Rc7 {[%emt 0:00:16]} 28. Rd5 {[%emt 0:00:10]} f6 {[%emt 0:00:12]} 29. Rd6 {[%emt 0:00:06]} f5 {[%emt 0:01:00]} 30. Rbd3 {[%emt 0:00:54]} e4 {[%emt 0:00:12]} 31. Rd2 {[%emt 0:00:04]} Re8 {[%emt 0:01:27]} 32. Rd7 {[%emt 0:00:04]} Re7 {[%emt 0:00:09]} 33. Rxe7 {[%emt 0:00:40]} Rxe7 {[%emt 0:00:03]} 34. Rd8+ {[%emt 0:00:02]} Kf7 {[%emt 0:00:03]} 35. Ra8 {[%emt 0:00:04]} Kf6 {[%emt 0:00:04]} 36. Kf1 {[%emt 0:00:02]} Rc7 {[%emt 0:00:04]} 37. g3 {[%emt 0:00:08]} Kg5 {[%emt 0:00:06]} 38. Kg2 {[%emt 0:00:06]} Kg4 {[%emt 0:00:09]} 39. b4 {[%emt 0:00:49]} Rb7 {[%emt 0:01:48]} 40. a3 {[%emt 0:00:05]} h5 {[%emt 0:00:54]} 41. Rg8 {[%emt 0:00:31]} Rb6 {[%emt 0:00:33]} 42. Rg7 {[%emt 0:00:09]} a6 {[%emt 0:00:04]} 43. Ra7 {[%emt 0:01:24]} g5 {[%emt 0:02:02]} 44. Re7 {[%emt 0:00:25]} Rd6 {[%emt 0:00:39]} 45. a4 {[%emt 0:00:09]} Rd4 {[%emt 0:00:08]} 46. Re6 {[%emt 0:00:28]} Rxb4 {[%emt 0:00:07]} 47. Rxa6 {[%emt 0:00:03]} Rb2 {[%emt 0:00:03]} 48. a5 {[%emt 0:01:17]} e3 {[%emt 0:00:36]} 49. Re6 {[%emt 0:00:04]} Rxf2+ {[%emt 0:00:05]} 50. Kg1 {[%emt 0:00:03]} f4 {[%emt 0:00:05]} 51. gxf4 {[%emt 0:00:15]} gxf4 {[%emt 0:00:04]} 52. a6 {[%emt 0:00:18]} Ra2 {[%emt 0:00:05]} 53. Rg6+ {[%emt 0:00:10]} Kf3 {[%emt 0:00:04]} 54. Rf6 {[%emt 0:00:07]} e2 {[%emt 0:00:09]} 0-1